| 000 | 00509nam a2200193Ia 4500 | ||
|---|---|---|---|
| 003 | GCL | ||
| 008 | 140319s9999 xx 000 0 ara d | ||
| 040 |
_aGCL / _cGCL |
||
| 082 | 0 | 4 |
_a410 _bم ن |
| 100 | 1 | _aمازن مبارك | |
| 245 | 1 | 0 |
_aنحو وعى لغوى / _cمازن مبارك |
| 700 | 1 | _aمازن المبارك | |
| 300 | _a208 ص | ||
| 490 |
_a100 قصة _v0 |
||
| 650 | 0 | 4 | _aاللغة العربية |
| 650 | 0 | 4 | _aعلم اللغة |
| 650 | 0 | 4 | _aعلم الاسلوب |
| 942 |
_2ddc _cBK |
||
| 999 |
_c45308 _d45308 |
||